<?xml version="1.0" encoding="UTF-8"?>
<record
    xmlns:xsi="http://www.w3.org/2001/XMLSchema-instance"
    xsi:schemaLocation="http://www.loc.gov/MARC21/slim http://www.loc.gov/standards/marcxml/schema/MARC21slim.xsd"
    xmlns="http://www.loc.gov/MARC21/slim">

  <leader>01958    a2200217   4500</leader>
  <controlfield tag="001">48934</controlfield>
  <controlfield tag="005">20260407155755.0</controlfield>
  <controlfield tag="008">260407a1991    arg                 spa d</controlfield>
  <controlfield tag="003">AR-UNSa-BCEJYS</controlfield>
  <datafield tag="040" ind1=" " ind2=" ">
    <subfield code="a">AR-UNSa-BCEJYS</subfield>
    <subfield code="b">spa</subfield>
    <subfield code="c">AR-UNSa-BCEJYS</subfield>
  </datafield>
  <datafield tag="080" ind1=" " ind2=" ">
    <subfield code="a">339.5</subfield>
    <subfield code="x">Comercio exterior. Comercio Internacional</subfield>
  </datafield>
  <datafield tag="245" ind1="1" ind2="0">
    <subfield code="a">Como exportar e importar</subfield>
    <subfield code="p">c&#xE1;lculo del costo y del precio internacional</subfield>
  </datafield>
  <datafield tag="020" ind1=" " ind2=" ">
    <subfield code="a">950-543-071-X</subfield>
  </datafield>
  <datafield tag="250" ind1=" " ind2=" ">
    <subfield code="a">2a.ed.</subfield>
  </datafield>
  <datafield tag="264" ind1=" " ind2="1">
    <subfield code="a">Buenos Aires :</subfield>
    <subfield code="b">Cangallo</subfield>
    <subfield code="c">1991</subfield>
  </datafield>
  <datafield tag="300" ind1=" " ind2=" ">
    <subfield code="a">716 p.</subfield>
    <subfield code="c">23 cm.</subfield>
  </datafield>
  <datafield tag="505" ind1=" " ind2=" ">
    <subfield code="a">PRIMERA PARTE: Como exportar e importar: 1. An&#xE1;lisis de las posibilidades de exportar o importar - 2. Canales de comercializaci&#xF3;n - 3. Las ferias y exposiciones comerciales - SEGUNDA PARTE: Presupuestos de la actividad con el exterior: 1. La nomenclatura - 2. R&#xE9;gimen Legal del Comercio Exterior - TERCERA PARTE: El r&#xE9;gimen de exportaci&#xF3;n: 1. Aspectos b&#xE1;sicos de la exportaci&#xF3;n - 2. Documentos m&#xE1;s usuales - 3. Est&#xED;mulos aduaneros - 4. Reintegros y reembolsos - 5. Diversos est&#xED;mulos a las exportaciones - 6. Tributaci&#xF3;n y exportaciones  - 7. R&#xE9;gimen cambiario - 8. R&#xE9;gimen financiero - 9. Seguro de cr&#xE9;dito a la exportaci&#xF3;n - 10. Secuencia de una exportaci&#xF3;n - CUARTA PARTE: R&#xE9;gimen de importaci&#xF3;n: 1. Las tarifas arancelarias - 2. La base imponible. Derechos, grav&#xE1;menes y tasas. Legislaci&#xF3;n antidumping. Destinaciones aduaneras - 3. Seguros. Transportes. Reg&#xED;menes de pago. Financiaci&#xF3;n de bienes importados - 4. Actualizaciones. Tasa de inter&#xE9;s. R&#xE9;gimen de garant&#xED;as. Procedimiento de impugnaci&#xF3;n. Penalidades - QUINTA PARTE: Operaciones cambiarias: 1. R&#xE9;gimen cambiario - SEXTA PARTE: C&#xE1;lculo del costo t del precio de exportaci&#xF3;n e importaci&#xF3;n: 1. Consideraciones sobre el precio internacional - 2. C&#xE1;lculo del costo y del precio de exportaci&#xF3;n - 3. C&#xE1;lculo del costo de importaci&#xF3;n. </subfield>
  </datafield>
  <datafield tag="942" ind1=" " ind2=" ">
    <subfield code="c">BK</subfield>
  </datafield>
  <datafield tag="590" ind1=" " ind2=" ">
    <subfield code="a">niveau_biblio:m niveau_hierar:0</subfield>
  </datafield>
  <datafield tag="100" ind1="1" ind2=" ">
    <subfield code="a">Fratalocchi, Aldo</subfield>
  </datafield>
  <datafield tag="999" ind1=" " ind2=" ">
    <subfield code="c">4759</subfield>
    <subfield code="d">4759</subfield>
  </datafield>
  <datafield tag="952" ind1=" " ind2=" ">
    <subfield code="0">0</subfield>
    <subfield code="1">0</subfield>
    <subfield code="4">0</subfield>
    <subfield code="7">0</subfield>
    <subfield code="a">BCEJYS</subfield>
    <subfield code="b">BCEJYS</subfield>
    <subfield code="c">16</subfield>
    <subfield code="d">2026-04-07</subfield>
    <subfield code="l">0</subfield>
    <subfield code="o">339.5 F844 2ed.</subfield>
    <subfield code="p">L58058</subfield>
    <subfield code="r">2026-04-07 15:57:55</subfield>
    <subfield code="w">2026-04-07</subfield>
    <subfield code="y">L</subfield>
  </datafield>
  <datafield tag="952" ind1=" " ind2=" ">
    <subfield code="0">0</subfield>
    <subfield code="1">0</subfield>
    <subfield code="4">0</subfield>
    <subfield code="7">0</subfield>
    <subfield code="a">BCEJYS</subfield>
    <subfield code="b">BCEJYS</subfield>
    <subfield code="c">16</subfield>
    <subfield code="d">2026-04-07</subfield>
    <subfield code="l">0</subfield>
    <subfield code="o">339.5 F844 2ed.</subfield>
    <subfield code="p">L58803</subfield>
    <subfield code="r">2026-04-07 15:57:55</subfield>
    <subfield code="w">2026-04-07</subfield>
    <subfield code="y">L</subfield>
  </datafield>
  <datafield tag="952" ind1=" " ind2=" ">
    <subfield code="0">0</subfield>
    <subfield code="1">0</subfield>
    <subfield code="4">0</subfield>
    <subfield code="7">0</subfield>
    <subfield code="a">BCEJYS</subfield>
    <subfield code="b">BCEJYS</subfield>
    <subfield code="c">16</subfield>
    <subfield code="d">2026-04-07</subfield>
    <subfield code="l">0</subfield>
    <subfield code="o">339.5 F844 2ed.</subfield>
    <subfield code="p">L58804</subfield>
    <subfield code="r">2026-04-07 15:57:55</subfield>
    <subfield code="w">2026-04-07</subfield>
    <subfield code="y">L</subfield>
  </datafield>
  <datafield tag="952" ind1=" " ind2=" ">
    <subfield code="0">0</subfield>
    <subfield code="1">0</subfield>
    <subfield code="4">0</subfield>
    <subfield code="7">0</subfield>
    <subfield code="a">BCEJYS</subfield>
    <subfield code="b">BCEJYS</subfield>
    <subfield code="c">16</subfield>
    <subfield code="d">2026-04-07</subfield>
    <subfield code="l">0</subfield>
    <subfield code="o">339.5 F844 2ed.</subfield>
    <subfield code="p">L58057</subfield>
    <subfield code="r">2026-04-07 15:57:55</subfield>
    <subfield code="w">2026-04-07</subfield>
    <subfield code="y">L</subfield>
  </datafield>
</record>
